Manual de ciencias forenses (Registro nro. 9876)
[ vista simple ]
| 000 -Cabecera | |
|---|---|
| Campo de control de longitud fija | 01308nam a22004817a 4500 |
| 005 - Fecha y hora de la última transacción | |
| Campo de control | 20250606133522.0 |
| 008 - Elementos de longitud fija--Información general | |
| Campo de control de longitud fija | 150303b2012 xxu||||| |||| 00| 0 ES d |
| 020 ## - International Standard Book Number | |
| Número Internacional Estándar del Libro (ISBN) | 9788492977369 |
| 041 ## - Idioma | |
| Código de idioma | Español |
| 082 ## - Clasificación Decimal Dewey | |
| Número de clasificación | 614.1 F954m2 |
| 100 ## - Entrada principal--Autor personal | |
| Nombre personal | Fuertes Rocañin, José Carlos |
| 9 (RLIN) | 44216 |
| 100 ## - Entrada principal--Autor personal | |
| Nombre personal | Cabrera Forneiro, José |
| 9 (RLIN) | 44217 |
| 100 ## - Entrada principal--Autor personal | |
| Nombre personal | Fuertes Iglesias, Carlos |
| 245 ## - Título propiamente dicho | |
| Título | Manual de ciencias forenses |
| 250 ## - Edición | |
| Mención de edición | 2 edición |
| 260 ## - Pie de imprenta | |
| Lugar de publicación, distribución, etc. | España |
| 260 ## - Pie de imprenta | |
| Nombre del editor, distribuidor, etc. | Aran |
| 260 ## - Pie de imprenta | |
| Fecha de publicación, distribución, etc. | 2012 |
| 300 ## - Descripción física | |
| Extensión | 338 páginas |
| 650 ## - Materia general | |
| Temática (materia general) | MEDICINA FORENSE |
| 650 ## - Materia general | |
| Temática (materia general) | CIENCIAS FORENSES |
| 650 ## - Materia general | |
| Temática (materia general) | LESIONES |
| 650 ## - Materia general | |
| Temática (materia general) | HERIDAS POR ARMA BLANCA |
| 650 ## - Materia general | |
| Temática (materia general) | HERIDA POR ARMA DE FUEGO |
| 650 ## - Materia general | |
| Temática (materia general) | ACCIDENTES DE TRÁNSITO |
| 650 ## - Materia general | |
| Temática (materia general) | LESIONES POR EXPLOSIVOS |
| 650 ## - Materia general | |
| Temática (materia general) | EVIDENCIAS DACTILOSCÓPICAS |
| 650 ## - Materia general | |
| Temática (materia general) | BALÍSTICA |
| 650 ## - Materia general | |
| Temática (materia general) | EVIDENCIAS DOCUMENTALES |
| 650 ## - Materia general | |
| Temática (materia general) | CADENA DE CUSTODIA |
| 650 ## - Materia general | |
| Temática (materia general) | PSIQUIATRÍA LEGAL |
| 650 ## - Materia general | |
| Temática (materia general) | VICTIMOLOGÍA |
| 650 ## - Materia general | |
| Temática (materia general) | TERRORISMO |
| 650 ## - Materia general | |
| Temática (materia general) | TRAUMATISMO CRANEOCEFÁLICO |
| 650 ## - Materia general | |
| Temática (materia general) | ASFIXIAS MECANICAS |
| 650 ## - Materia general | |
| Temática (materia general) | MALTRATO DOMÉSTICO |
| 650 ## - Materia general | |
| Temática (materia general) | MUERTE SÚBITA |
| 650 ## - Materia general | |
| Temática (materia general) | TRASTORNOS SEXUALES |
| 650 ## - Materia general | |
| Temática (materia general) | TOXICOLOGÍA FORENSE |
| 650 ## - Materia general | |
| Temática (materia general) | CRIMINALÍSTICA |
| 942 ## - Punto de acceso adicional KOHA | |
| Tipo de ítem KOHA | Libro |
| Fuente del sistema de clasificación o colocación | Dewey Decimal Classification |
| Signatura completa | Código de barras | Programa Académico | Tipo de ítem |
|---|---|---|---|
| 614.1 F954m2 | 16879 | Investigación Criminal | Libro |
| 614.1 F954m2 | 16880 | Investigación Criminal | Libro |